[Event "Rhein Main op-A 15th"]
[Site "Bad Homburg"]
[Date "2012.06.07"]
[Round "3"]
[White "Pade, Joachim"]
[Black "Seichter, Andreas"]
[Result "0-1"]
[WhiteElo "1762"]
[BlackElo "1854"]
[PlyCount "78"]
[EventDate "2012.06.06"]
[EventType "swiss"]
[EventRounds "7"]
[EventCountry "GER"]
[SourceTitle "EXT 2013"]
[Source "ChessBase"]
[SourceDate "2012.11.22"]
[SourceVersion "1"]
[SourceVersionDate "2012.11.22"]
[SourceQuality "1"]

1. e4 e5 2. Nf3 Nc6 3. Bb5 a6 4. Ba4 d6 5. d4 b5 6. Bb3 Nxd4 7. Nxd4 exd4 8. Qxd4 c5 9. Qd5 Be6 10. Qc6+ Bd7 11. Qd5 c4 12. Bxc4 bxc4 13. Qxc4 Nf6 14. Nc3 Be7 15. h3 0-0 16. Be3 Be6 17. Qd3 Qc7 18. 0-0-0 Rfd8 19. Nd5 Nxd5 20. exd5 Bd7 21. Bd4 Bb5 22. Qg3 Bf8 23. f4 Rac8 24. Bc3 g6 25. Qf2 Bg7 26. Bxg7 Kxg7 27. g4 Qc4 28. Kb1 Re8 29. b3 Qe2 30. Qd4+ Kg8 31. Rc1 Qe4 32. Qd2 Rxc2 33. Rxc2 Qxh1+ 34. Kb2 Qxh3 35. f5 Re2 36. Qc1 Qxg4 37. f6 Qd4+ 38. Ka3 Rxc2 39. Qxc2 Qxf6 0-1

[Event "Rhein Main op-A 15th"]
[Site "Bad Homburg"]
[Date "2012.06.06"]
[Round "1"]
[White "Pade, Joachim"]
[Black "Geigle, Bruno"]
[Result "0-1"]
[WhiteElo "1762"]
[BlackElo "2033"]
[PlyCount "110"]
[EventDate "2012.06.06"]
[EventType "swiss"]
[EventRounds "7"]
[EventCountry "GER"]
[SourceTitle "EXT 2013"]
[Source "ChessBase"]
[SourceDate "2012.11.22"]
[SourceVersion "1"]
[SourceVersionDate "2012.11.22"]
[SourceQuality "1"]

1. e4 d6 2. d4 Nf6 3. Nc3 g6 4. g3 Bg7 5. Bg2 0-0 6. f4 c6 7. Nf3 Qb6 8. h3 Nbd7 9. e5 Ne8 10. Rb1 Nc7 11. Qe2 Nd5 12. Nxd5 cxd5 13. Be3 Qa5+ 14. c3 Qxa2 15. 0-0 e6 16. g4 Qc4 17. Qd2 Qc7 18. Rbc1 Nb6 19. Bf2 a5 20. Bg3 dxe5 21. fxe5 a4 22. Ra1 Nc4 23. Qc1 Bd7 24. Bf4 b5 25. Rf2 Qb6 26. Bh6 b4 27. Bxg7 Kxg7 28. Bf1 h6 29. Bxc4 dxc4 30. h4 Rac8 31. h5 Bc6 32. g5 hxg5 33. Nxg5 Qc7 34. Qf4 Qe7 35. h6+ Kg8 36. Rc1 Rc7 37. h7+ Kg7 38. Rh2 Kh8 39. Qh4 f6 40. Nh3 Qxh7 41. Qg3 Kg8 42. Nf4 Qxh2+ 43. Kxh2 Rh7+ 44. Kg1 g5 45. Ng2 f5 46. Kf2 f4 47. Qg4 Rf5 48. Ke1 a3 49. bxa3 bxa3 50. Qe2 Rh2 51. Qxc4 Bd5 52. Qc8+ Rf8 53. Qd7 a2 54. Qa4 Ra8 55. Qxa8+ Bxa8 0-1